LEADER 00818nam a2200217 i 4500 001 000000159917 003 CaOOAMICUS 005 20070306000000.0 008 070306s1951 it u000 u fre u 013 $a137280 040 $aSeMil$bita 100 1 $aChanson, A.$0(OLS)http://semarc/name/25368 245 10$aPour mieux confesser /$cA. Chanson. 260 $aArras :$bBrunet,$c1951. 300 $a1 v. (senza paginazione), [2] p di tav. rip. ;$c23 cm. 650 4$aConfessione dei peccati.$0(OLS)http://semarc/subject/2020 850 $aSeMil 852 $aSeMil$W1$xVenegono$y1$m2F IV 30$j111435$B111435$CSeMilBibl$Z2$F122332 $81 961 $aLascito: Dugnani mons. Ferruccio 996 $6245$aPour mieux confesser$9(OLS)http://semarc/title/142250 996 $6260$aArras :$bBrunet$9(OLS)http://semarc/publisher/35762 LEADER 01270nam a2200277 i 4500 001 000000123465 003 CaOOAMICUS 005 20040226000000.0 008 040226s1964 gw u000 u ger u 013 $a96161 040 $aSeMil$bita 240 10$aHosea bis Micha.$0(OLS)http://semarc/title/407895 240 10$aNahum bis Maleachi.$0(OLS)http://semarc/title/181589 245 14$aDie Zwölf Kleinen Propheten. 250 $a3. Aufl. 260 $aTübingen :$bMohr Siebeck,$c1964. 300 $aXII, 275 p. ;$c25 cm. + [1] cartoncino. 490 0 $aHandbuch zum Alten Testament. Erste Reihe ;$v14 650 4$aBibbia. Antico Testamento. Libri profetici - Profeti minori - Commentari, studi, critica, interpretazioni.$0(OLS)http://semarc/subject/20930 700 1 $aHorst, Friedrich.$0(OLS)http://semarc/name/22602 700 1 $aRobinson, Theodore Henry,$d<1881-1964>.$0(OLS)http://semarc/name/21516 830 0$aHandbuch zum Alten Testament. Erste Reihe ;$v14.$0(OLS)http://semarc/title/14666 850 $aSeMil 852 $aSeMil$W1$xVenegono$y1$m2Y IV 14$j78188$B78188$CSeMilBibl$Z2$F80403 $81 996 $6245$aDie Zwölf Kleinen Propheten$9(OLS)http://semarc/title/181588 996 $6260$aTübingen :$bMohr Siebeck$9(OLS)http://semarc/publisher/30329